[Event "Neckar op 20th"]
[Site "Deizisau"]
[Date "2023.04.06"]
[Round "1"]
[White "Haenselmann, Hendrik"]
[Black "Ciolek, Andreas"]
[Result "1/2-1/2"]
[WhiteElo "1944"]
[BlackElo "2325"]
[PlyCount "76"]
[EventDate "2023.04.06"]
[EventType "swiss"]
[EventRounds "9"]
[EventCountry "GER"]
[SourceTitle "CBM 213 Extra"]
[Source "ChessBase"]
[SourceDate "2023.05.31"]
[SourceVersion "1"]
[SourceVersionDate "2023.05.31"]
[SourceQuality "1"]

1. e4 c5 2. Nc3 e6 3. Nf3 Nc6 4. d4 cxd4 5. Nxd4 Nf6 6. Ndb5 Bc5 7. Bf4 0-0 8. Bd6 Bxd6 9. Nxd6 Qb6 10. Nc4 Qc7 11. Qd6 Ne8 12. Qxc7 Nxc7 13. Nd6 Rb8 14. 0-0-0 Rd8 15. Be2 f6 16. Rd2 Kf8 17. Rhd1 Ke7 18. f4 b6 19. Ncb5 Na8 20. h4 Ba6 21. a4 Bxb5 22. Nxb5 a6 23. Nd6 Nc7 24. g4 h6 25. g5 hxg5 26. hxg5 fxg5 27. Rg1 Rg8 28. Rxg5 Rbf8 29. Rg4 g5 30. fxg5 Rf2 31. Nc4 b5 32. axb5 axb5 33. Na3 Ne5 34. Rg3 Ra8 35. c3 Rb8 36. g6 Rff8 37. Rd1 b4 38. Nc4 Nc6 1/2-1/2

[Event "Heusenstamm Schloss op"]
[Site "Heusenstamm"]
[Date "2022.11.19"]
[Round "4"]
[White "Gallasch, Jonas"]
[Black "Haenselmann, Hendrik"]
[Result "1-0"]
[WhiteElo "2275"]
[BlackElo "2017"]
[PlyCount "81"]
[EventDate "2022.11.17"]
[EventType "swiss"]
[EventRounds "7"]
[EventCountry "GER"]
[SourceTitle "CBM 212 Extra"]
[Source "ChessBase"]
[SourceDate "2023.03.31"]
[SourceVersion "1"]
[SourceVersionDate "2023.03.31"]
[SourceQuality "1"]

1. d4 Nf6 2. c4 g6 3. Nf3 Bg7 4. g3 d6 5. Bg2 0-0 6. 0-0 Nc6 7. Nc3 Bf5 8. d5 Na5 9. Nd2 c6 10. dxc6 Nxc6 11. Nb3 Rc8 12. c5 dxc5 13. Nxc5 b6 14. Nb3 Ne5 15. Nd4 Bd7 16. e4 Nc4 17. Nc2 Qc7 18. Ne3 Nxe3 19. Bxe3 Bc6 20. Rc1 Qb7 21. f3 Rfd8 22. Qe2 b5 23. Rfd1 b4 24. Nb1 Bb5 25. Rxc8 Rxc8 26. Qd2 a5 27. e5 Nd7 28. f4 Qa6 29. b3 Nf8 30. Rc1 Rxc1+ 31. Qxc1 Ne6 32. Bd5 h5 33. Nd2 a4 34. bxa4 Qxa4 35. Ne4 Bd3 36. Nf2 Bf5 37. Qc4 Kh7 38. Bd2 Qa7 39. Bxb4 Bh6 40. Bd2 Qc5 41. Bxe6 1-0

[Event "GER-chT Christmas U20"]
[Site "Playchess.com INT"]
[Date "2020.12.29"]
[Round "1.2"]
[White "Wachinger, Nikolas"]
[Black "Haenselmann, Hendrik"]
[Result "1-0"]
[WhiteElo "2369"]
[BlackElo "1828"]
[PlyCount "83"]
[EventDate "2020.12.29"]
[EventType "team-swiss (blitz)"]
[EventRounds "7"]
[EventCountry "GER"]
[SourceTitle "CBM 200 Extra"]
[Source "ChessBase"]
[SourceDate "2021.03.31"]
[SourceVersion "1"]
[SourceVersionDate "2021.03.31"]
[SourceQuality "1"]
[WhiteTeam "Werder Bremen"]
[BlackTeam "Karlsruhe II"]
[WhiteTeamCountry "GER"]
[BlackTeamCountry "GER"]

1. e4 c5 2. Nf3 e6 3. c4 Qc7 4. Nc3 a6 5. Be2 d6 6. 0-0 Nf6 7. d4 cxd4 8. Nxd4 Be7 9. Be3 0-0 10. Rc1 b6 11. f4 Nbd7 12. Bf3 Bb7 13. b3 Rac8 14. g4 Nc5 15. Qc2 Rfe8 16. g5 Nfd7 17. b4 e5 18. Nf5 Ne6 19. Nxe7+ Rxe7 20. f5 Nd4 21. Qf2 Nxf3+ 22. Qxf3 f6 23. Nd5 Bxd5 24. cxd5 Qb7 25. Rxc8+ Qxc8 26. Rc1 Qb7 27. Rc6 b5 28. Rxd6 fxg5 29. Bxg5 Rf7 30. Qc3 a5 31. bxa5 Qa7+ 32. Be3 Qb8 33. Rc6 Rf8 34. a6 Nf6 35. a7 Qa8 36. Qb4 Rd8 37. Rc7 Re8 38. Qxb5 Nxe4 39. Qb7 Qd8 40. Rxg7+ Kh8 41. Rxh7+ Kg8 42. Qf7# 1-0

[Event "GER-chT Christmas U16 Lasker"]
[Site "Playchess.com INT"]
[Date "2020.12.28"]
[Round "3.3"]
[White "Beyer, Lorenz"]
[Black "Haenselmann, Hendrik"]
[Result "0-1"]
[WhiteElo "1362"]
[BlackElo "1828"]
[PlyCount "78"]
[EventDate "2020.12.28"]
[EventType "team-swiss (blitz)"]
[EventRounds "7"]
[EventCountry "GER"]
[SourceTitle "CBM 200 Extra"]
[Source "ChessBase"]
[SourceDate "2021.03.31"]
[SourceVersion "1"]
[SourceVersionDate "2021.03.31"]
[SourceQuality "1"]
[WhiteTeam "Barnim Stahl Finow"]
[BlackTeam "Karlsruhe"]
[WhiteTeamCountry "GER"]
[BlackTeamCountry "GER"]

1. d4 Nf6 2. Nf3 g6 3. Bf4 Bg7 4. e3 d5 5. Bd3 0-0 6. 0-0 b6 7. Nbd2 Bb7 8. c3 c5 9. Qe2 Nc6 10. Ne5 Nd7 11. Nxc6 Bxc6 12. Nf3 e6 13. Bb5 Bb7 14. Rad1 a6 15. Ba4 Rc8 16. Bc2 Qe7 17. Rd2 cxd4 18. exd4 b5 19. Re1 b4 20. Rd3 a5 21. Re3 Nb6 22. cxb4 Nc4 23. Rc3 axb4 24. Rb3 Bc6 25. Ne5 Ba4 26. Nxc4 Rxc4 27. Rc3 bxc3 28. b3 Rxd4 29. bxa4 Rxf4 30. Qe3 Rb4 31. Bb3 d4 32. Qd3 Qg5 33. h3 Qd2 34. Qe4 d3 35. Qe3 Qxe3 36. fxe3 d2 37. Rd1 Rxb3 38. axb3 c2 39. Rxd2 c1Q+ 0-1

[Event "GER-chT Christmas U16 Lasker"]
[Site "Playchess.com INT"]
[Date "2020.12.28"]
[Round "1.3"]
[White "Monakhov, Boris"]
[Black "Haenselmann, Hendrik"]
[Result "0-1"]
[WhiteElo "1634"]
[BlackElo "1828"]
[PlyCount "50"]
[EventDate "2020.12.28"]
[EventType "team-swiss (blitz)"]
[EventRounds "7"]
[EventCountry "GER"]
[SourceTitle "CBM 200 Extra"]
[Source "ChessBase"]
[SourceDate "2021.03.31"]
[SourceVersion "1"]
[SourceVersionDate "2021.03.31"]
[SourceQuality "1"]
[WhiteTeam "Luebeck II"]
[BlackTeam "Karlsruhe"]
[WhiteTeamCountry "GER"]
[BlackTeamCountry "GER"]

1. e4 c5 2. Nf3 e6 3. d4 cxd4 4. Nxd4 Nf6 5. Nc3 Nc6 6. Nb3 Bb4 7. Bd2 0-0 8. a3 Bxc3 9. Bxc3 Nxe4 10. Qd3 d5 11. f3 Qh4+ 12. g3 Nxg3 13. hxg3 Qxh1 14. 0-0-0 Qh6+ 15. Bd2 Qg6 16. Qe2 b6 17. Qh2 e5 18. Bd3 Bf5 19. Bxf5 Qxf5 20. Rh1 Rac8 21. g4 Qg6 22. f4 exf4 23. Bxf4 d4 24. Nd2 Nb4 25. Nf3 Rxc2+ 0-1

[Event "GER Pfingstopen U16"]
[Site "Playchess.com INT"]
[Date "2020.06.05"]
[Round "7"]
[White "Bashylina, Luisa"]
[Black "Haenselmann, Hendrik"]
[Result "1-0"]
[WhiteElo "1925"]
[BlackElo "1394"]
[PlyCount "101"]
[EventDate "2020.06.05"]
[EventType "swiss (blitz)"]
[EventRounds "11"]
[EventCountry "GER"]
[SourceTitle "CBM 197 Extra"]
[Source "ChessBase"]
[SourceDate "2020.09.30"]
[SourceVersion "1"]
[SourceVersionDate "2020.09.30"]
[SourceQuality "1"]

1. e4 c5 2. Nf3 e6 3. d4 cxd4 4. Nxd4 Nf6 5. Bd3 Nc6 6. Nb3 d5 7. exd5 exd5 8. 0-0 Be7 9. N1d2 0-0 10. Nf3 Bg4 11. h3 Bh5 12. c3 Ne5 13. Be2 Nc4 14. Nbd4 Bg6 15. Qb3 Qc7 16. Nb5 Qb6 17. Bxc4 dxc4 18. Qxc4 Rac8 19. Qe2 Rfe8 20. Be3 Bc5 21. Nbd4 Bxd4 22. Nxd4 Nd5 23. Qd2 Nxe3 24. fxe3 Re4 25. Rae1 Rce8 26. Rf4 R4e5 27. c4 h6 28. b4 Qa6 29. Nb5 Qb6 30. Rd4 Kh7 31. Nd6 R8e7 32. c5 Qc6 33. Rc4 Rg5 34. b5 Qd7 35. Qb4 a5 36. Qc3 a4 37. Rd4 Qe6 38. Rxa4 Re5 39. Kf2 Qf6+ 40. Kg1 Rf5 41. Qxf6 Rxf6 42. Rd4 Rfe6 43. Kf2 Rf6+ 44. Rf4 Rxf4+ 45. exf4 Rc7 46. Rc1 Kg8 47. b6 Rc6 48. Nxb7 Be4 49. g3 Re6 50. Nd6 Re7 51. c6 1-0

[Event "GER Pfingstopen U16"]
[Site "Playchess.com INT"]
[Date "2020.06.05"]
[Round "8"]
[White "Haenselmann, Hendrik"]
[Black "Zhou, Lepu Coco"]
[Result "1-0"]
[WhiteElo "1392"]
[BlackElo "1717"]
[PlyCount "107"]
[EventDate "2020.06.05"]
[EventType "swiss (blitz)"]
[EventRounds "11"]
[EventCountry "GER"]
[SourceTitle "CBM 197 Extra"]
[Source "ChessBase"]
[SourceDate "2020.09.30"]
[SourceVersion "1"]
[SourceVersionDate "2020.09.30"]
[SourceQuality "1"]

1. e4 e5 2. Nf3 Nc6 3. Nc3 Nf6 4. a3 d5 5. Bb5 Bg4 6. exd5 Nxd5 7. 0-0 Bc5 8. Re1 0-0 9. Bxc6 bxc6 10. Rxe5 Nxc3 11. bxc3 Bd6 12. Re4 f5 13. Re1 Qf6 14. d4 c5 15. h3 Bxf3 16. Qxf3 cxd4 17. cxd4 Qxd4 18. Be3 Qc4 19. Qe2 Qxe2 20. Rxe2 f4 21. Bd4 f3 22. Re6 fxg2 23. Kxg2 Rae8 24. Rae1 Rxe6 25. Rxe6 Bxa3 26. Bxa7 Kf7 27. Rc6 Bd6 28. Bb6 Be5 29. Ba5 Ra8 30. Rc5 Bd6 31. Rb5 Re8 32. Rb7 Re2 33. Bxc7 Re7 34. Bxd6 Rxb7 35. c4 Ke6 36. c5 Kd5 37. Kg3 Rb3+ 38. f3 Re3 39. Kf4 Re1 40. Kg4 Rg1+ 41. Kf4 Rh1 42. Kg3 h5 43. Kh4 g6 44. Kg3 g5 45. f4 gxf4+ 46. Bxf4 Rg1+ 47. Kh2 Rg8 48. Be3 Re8 49. Bf2 Rg8 50. Be3 Ke4 51. Bf2 Kf3 52. Bd4 Ke2 53. h4 Kf3 54. Bf6 1-0

[Event "GER Pfingstopen U16"]
[Site "Playchess.com INT"]
[Date "2020.06.05"]
[Round "1"]
[White "Heilig, Tim Markus"]
[Black "Haenselmann, Hendrik"]
[Result "0-1"]
[WhiteElo "1620"]
[BlackElo "1294"]
[PlyCount "68"]
[EventDate "2020.06.05"]
[EventType "swiss (blitz)"]
[EventRounds "11"]
[EventCountry "GER"]
[SourceTitle "CBM 197 Extra"]
[Source "ChessBase"]
[SourceDate "2020.09.30"]
[SourceVersion "1"]
[SourceVersionDate "2020.09.30"]
[SourceQuality "1"]

1. e4 c5 2. Nf3 e6 3. d4 cxd4 4. Nxd4 Nf6 5. Nc3 Nc6 6. Be3 Bb4 7. f3 d5 8. exd5 Nxd5 9. Qd2 Nxe3 10. Qxe3 Nxd4 11. Rd1 Nxc2+ 12. Ke2 Nxe3 13. Rxd8+ Kxd8 14. Kxe3 Bxc3 15. bxc3 Ke7 16. Bc4 Bd7 17. Rd1 Rac8 18. Rd4 Bc6 19. h4 Rhd8 20. Rg4 h5 21. Rxg7 Bxf3 22. gxf3 Rxc4 23. Rh7 Rxh4 24. f4 Rh1 25. Ke4 h4 26. Kf3 h3 27. Kg3 h2 28. Kg2 Rdd1 29. Rh3 Rhe1 30. Kxh2 Re2+ 31. Kg3 Rd3+ 32. Kg4 Rxh3 33. Kxh3 Rxa2 34. Kg3 Ra3 0-1

[Event "GER Pfingstopen U25"]
[Site "Playchess.com INT"]
[Date "2020.06.02"]
[Round "4"]
[White "Haenselmann, Hendrik"]
[Black "Borgstaedt, Leif Jona"]
[Result "1-0"]
[WhiteElo "1182"]
[BlackElo "1620"]
[PlyCount "147"]
[EventDate "2020.06.02"]
[EventType "swiss (blitz)"]
[EventRounds "11"]
[EventCountry "GER"]
[SourceTitle "CBM 197 Extra"]
[Source "ChessBase"]
[SourceDate "2020.09.30"]
[SourceVersion "1"]
[SourceVersionDate "2020.09.30"]
[SourceQuality "1"]

1. e4 e5 2. Nf3 Nf6 3. Nc3 Nc6 4. a3 d6 5. d4 Bg4 6. Bb5 a6 7. Bxc6+ bxc6 8. dxe5 Bxf3 9. Qxf3 dxe5 10. Bg5 Be7 11. Rd1 Qc8 12. 0-0 0-0 13. Rd2 Qe6 14. Rfd1 Rad8 15. Na4 Rxd2 16. Rxd2 h6 17. Bxf6 Bxf6 18. Nc5 Qe7 19. Nd7 Re8 20. Rd3 Bg5 21. Qf5 g6 22. Qg4 Rd8 23. Nxe5 Rxd3 24. Nxd3 Bf6 25. Qc8+ Kg7 26. Qxa6 Qxe4 27. h3 Qd5 28. Qb7 Bd4 29. Qxc7 Qf5 30. a4 Bf6 31. a5 Bd4 32. a6 Qb5 33. a7 Qa6 34. Nb4 Qa1+ 35. Kh2 Qxa7 36. Qxa7 Bxa7 37. Nxc6 Bb6 38. b4 Bxf2 39. c4 Be1 40. b5 Bb4 41. b6 Bd6+ 42. g3 Kf8 43. b7 Ke8 44. b8Q+ Bxb8 45. Nxb8 Kd8 46. c5 Kc7 47. Na6+ Kc6 48. Kg2 Kb5 49. Nc7+ Kxc5 50. Kf3 Kd6 51. Nb5+ Ke6 52. Ke4 f5+ 53. Kd4 g5 54. Ke3 Ke5 55. Nd4 h5 56. Ne2 g4 57. hxg4 fxg4 58. Nf4 Kf5 59. Nxh5 Kg5 60. Nf4 Kf5 61. Nd5 Ke5 62. Nc3 Kf5 63. Kd4 Kg5 64. Ke5 Kh5 65. Kf5 Kh6 66. Kxg4 Kg7 67. Kg5 Kh8 68. Kf6 Kg8 69. g4 Kf8 70. g5 Kg8 71. g6 Kf8 72. g7+ Kg8 73. Nb1 Kh7 74. Kf7 1-0

[Event "GER Pfingstopen U25"]
[Site "Playchess.com INT"]
[Date "2020.06.02"]
[Round "8"]
[White "McPherson, Elisha"]
[Black "Haenselmann, Hendrik"]
[Result "0-1"]
[WhiteElo "1715"]
[BlackElo "1270"]
[PlyCount "56"]
[EventDate "2020.06.02"]
[EventType "swiss (blitz)"]
[EventRounds "11"]
[EventCountry "GER"]
[SourceTitle "CBM 197 Extra"]
[Source "ChessBase"]
[SourceDate "2020.09.30"]
[SourceVersion "1"]
[SourceVersionDate "2020.09.30"]
[SourceQuality "1"]

1. e4 c5 2. Nc3 e6 3. f4 d5 4. exd5 exd5 5. d4 Nf6 6. Nf3 Be7 7. g3 0-0 8. Bg2 Nc6 9. 0-0 Bg4 10. Be3 Rc8 11. dxc5 d4 12. Bxd4 Bxf3 13. Bxf3 Nxd4 14. Bxb7 Rb8 15. c6 Bc5 16. Kg2 Nd5 17. Qd3 Nxc3 18. bxc3 Qd5+ 19. Kh3 Qe6+ 20. f5 Qh6+ 21. Kg2 Nxc6 22. f6 Rxb7 23. Qd5 Rd8 24. Qxc5 Rd2+ 25. Rf2 Rxf2+ 26. Qxf2 Qxf6 27. Qe2 Re7 28. Qb5 Qxc3 0-1

[Event "Baden-ch U20"]
[Site "Karlsruhe"]
[Date "2020.01.05"]
[Round "6"]
[White "Ljuca, Semir"]
[Black "Haenselmann, Hendrik"]
[Result "0-1"]
[WhiteElo "1397"]
[BlackElo "1807"]
[PlyCount "73"]
[EventDate "2020.01.02"]
[EventType "swiss"]
[EventRounds "7"]
[EventCountry "GER"]
[SourceTitle "CBM 194 Extra"]
[Source "ChessBase"]
[SourceDate "2020.03.31"]
[SourceVersion "1"]
[SourceVersionDate "2020.03.31"]
[SourceQuality "1"]

1. e4 c5 2. Nf3 e6 3. d4 cxd4 4. Nxd4 Nf6 5. Nc3 Nc6 6. Nxc6 bxc6 7. Bg5 e5 8. Be2 Be7 9. Qd2 h6 10. Bxf6 Bxf6 11. 0-0 0-0 12. Rfd1 Be7 13. Bg4 d6 14. Bxc8 Rxc8 15. Kh1 f5 16. f4 fxe4 17. fxe5 d5 18. Rf1 Qc7 19. Qd4 Bg5 20. e6 Rce8 21. Qc5 Qc8 22. Qxa7 Qxe6 23. Qd4 Bf6 24. Qd2 Rf7 25. Qe2 Ref8 26. Rab1 Bd4 27. Rxf7 Qxf7 28. h3 Qf2 29. Rc1 e3 30. Qxf2 Rxf2 31. Re1 Rxc2 32. Nd1 e2 33. Nc3 Rxb2 34. Rxe2 Bxc3 35. Rxb2 Bxb2 36. g4 Ba3 37. Kg2 0-1

[Event "Heusenstamm Sparkassen op-A 6th"]
[Site "Heusenstamm"]
[Date "2019.11.23"]
[Round "5"]
[White "Haenselmann, Hendrik"]
[Black "Harringer, Manfred"]
[Result "0-1"]
[WhiteElo "1848"]
[BlackElo "2043"]
[PlyCount "119"]
[EventDate "2019.11.21"]
[EventType "swiss"]
[EventRounds "7"]
[EventCountry "GER"]
[SourceTitle "CBM 194 Extra"]
[Source "ChessBase"]
[SourceDate "2020.03.31"]
[SourceVersion "1"]
[SourceVersionDate "2020.03.31"]
[SourceQuality "1"]

1. e4 e5 2. Nf3 Nc6 3. Nc3 Nf6 4. a3 d6 5. d4 exd4 6. Nxd4 Be7 7. Bf4 Bd7 8. Be2 0-0 9. 0-0 Re8 10. Qd2 Bf8 11. Bf3 Ne5 12. Bg5 h6 13. Bxf6 Qxf6 14. Nd5 Qd8 15. Rfe1 c6 16. Nc3 Qf6 17. b3 c5 18. Nd5 Qg6 19. Qe2 cxd4 20. Nc7 Rac8 21. Nxe8 Bxe8 22. Bh5 Qg5 23. Rad1 g6 24. Bf3 Bb5 25. Rd3 Bxd3 26. cxd3 Rc1 27. Rxc1 Qxc1+ 28. Qf1 Nxd3 29. Qxc1 Nxc1 30. Bd1 Na2 31. Bc2 Bg7 32. f4 Kf8 33. Kf2 Ke7 34. Ke2 Nc3+ 35. Kd3 Nb5 36. a4 Nc7 37. g4 Na6 38. h4 Nb4+ 39. Kd2 Nxc2 40. Kxc2 Bf6 41. Kd3 Bxh4 42. Kxd4 Bf2+ 43. Kd5 h5 44. gxh5 gxh5 45. e5 dxe5 46. Kxe5 h4 47. Ke4 h3 48. Kf3 h2 49. Kg2 Bg3 50. f5 Kf6 51. b4 Kxf5 52. b5 Ke4 53. b6 axb6 54. Kh1 Kd4 55. Kg2 Kc4 56. Kh1 Kb4 57. Kg2 Kxa4 58. Kh1 b5 59. Kg2 b4 60. Kh1 0-1

[Event "GER-ch U12"]
[Site "Willingen"]
[Date "2019.06.12"]
[Round "5"]
[White "Haenselmann, Hendrik"]
[Black "Morczynski, Joachim"]
[Result "1/2-1/2"]
[WhiteElo "1819"]
[BlackElo "1733"]
[PlyCount "83"]
[EventDate "2019.06.08"]
[EventType "swiss"]
[EventRounds "9"]
[EventCountry "GER"]
[SourceTitle "CBM 191 Extra"]
[Source "ChessBase"]
[SourceDate "2019.09.30"]
[SourceVersion "1"]
[SourceVersionDate "2019.09.30"]
[SourceQuality "1"]

1. e4 c5 2. Nf3 Nc6 3. d4 cxd4 4. Nxd4 Nf6 5. Nc3 e5 6. Ndb5 d6 7. Bg5 a6 8. Na3 b5 9. Nd5 Be7 10. Bxf6 Bxf6 11. c4 b4 12. Nc2 a5 13. Be2 0-0 14. 0-0 Bg5 15. Qd3 Be6 16. Rfd1 Ra7 17. Bf3 g6 18. Qe2 Kh8 19. b3 f5 20. Rd3 f4 21. Bg4 Qc8 22. Bxe6 Qxe6 23. Rad1 Bd8 24. a3 bxa3 25. Nxa3 Nd4 26. Qf1 f3 27. Nb5 fxg2 28. Qxg2 Nxb5 29. cxb5 Rb7 30. Ne3 Bb6 31. Rd5 Bxe3 32. fxe3 Rfb8 33. Rxd6 Qxb3 34. Qf2 Rf7 35. Qe2 Qxb5 36. Qxb5 Rxb5 37. R6d5 Rfb7 38. Ra1 Rxd5 39. exd5 e4 40. Rxa5 Kg7 41. Ra4 Rd7 42. Rxe4 1/2-1/2